Human resource management / (Record no. 4972)
[ view plain ]
| 000 -LEADER | |
|---|---|
| fixed length control field | 00809cam a22002415a 4500 |
| 005 - DATE AND TIME OF LATEST TRANSACTION | |
| control field | 20190613134503.0 |
| 008 - FIXED-LENGTH DATA ELEMENTS--GENERAL INFORMATION | |
| fixed length control field | 190423t2005 njua fr 001 0 eng d |
| 020 ## - INTERNATIONAL STANDARD BOOK NUMBER | |
| International Standard Book Number | 0131276778 |
| 020 ## - INTERNATIONAL STANDARD BOOK NUMBER | |
| International Standard Book Number | 9780131276772 |
| 040 ## - CATALOGING SOURCE | |
| Original cataloging agency | EG-ScBUE |
| Language of cataloging | eng |
| Transcribing agency | EG-ScBUE |
| Modifying agency | EG-ScBUE |
| 082 04 - DEWEY DECIMAL CLASSIFICATION NUMBER | |
| Classification number | 658.3 |
| Item number | DES |
| Edition number | 22 |
| 100 1# - MAIN ENTRY--PERSONAL NAME | |
| Personal name | Dessler, Gary, |
| 9 (RLIN) | 33129 |
| 245 10 - TITLE STATEMENT | |
| Title | Human resource management / |
| Remainder of title | Gary Dessler. |
| 250 ## - EDITION STATEMENT | |
| Edition statement | 10th ed., International ed. |
| 260 ## - PUBLICATION, DISTRIBUTION, ETC. (IMPRINT) | |
| Place of publication, distribution, etc | Upper Saddle River, N.J. : |
| Name of publisher, distributor, etc | Pearson / Prentice Hall, |
| Date of publication, distribution, etc | c.2005. |
| 300 ## - PHYSICAL DESCRIPTION | |
| Extent | xxvi, 725 p. : |
| Other physical details | ill. (some col.) ; |
| Dimensions | 28 cm. |
| 504 ## - BIBLIOGRAPHY, ETC. NOTE | |
| Bibliography, etc | Includes bibliographical references and indexes. |
| 541 ## - IMMEDIATE SOURCE OF ACQUISITION NOTE | |
| Source of acquisition | Dr. Mahitab Shahin ; |
| 650 #7 - SUBJECT ADDED ENTRY--TOPICAL TERM | |
| Topical term or geographic name as entry element | Personnel management. |
| Source of heading or term | BUEsh |
| 651 ## - SUBJECT ADDED ENTRY--GEOGRAPHIC NAME | |
| Source of heading or term | BUEsh |
| 653 ## - INDEX TERM--UNCONTROLLED | |
| Resource For college | BAEPS, Business Administration |
| Arrived date list | April2019 |
| -- | June2019 |
| 942 ## - ADDED ENTRY ELEMENTS (KOHA) | |
| Source of classification or shelving scheme | Dewey Decimal Classification |
| Withdrawn status | Item status | Damaged status | Not for loan | Home library | Current library | Shelving location | Date acquired | Source of acquisition | Total Checkouts | Total Renewals | Full call number | Barcode | Date last seen | Date last borrowed | Koha item type | Source of classification or shelving scheme | Cost, replacement price | Checked out | Vendor |
|---|---|---|---|---|---|---|---|---|---|---|---|---|---|---|---|---|---|---|---|
| Central Library | Central Library | First floor | 04/10/2007 | Purchase | 13 | 24 | 658.3 DES | 000005999 | 15/07/2025 | 11/10/2017 | Book - Borrowing | ||||||||
| Lost and Paid For | Central Library | Central Library | First floor | 04/10/2007 | Purchase | 4 | 1 | 658.3 DES | 000006028 | 03/05/2017 | 03/05/2017 | Book - Borrowing | Dewey Decimal Classification | 560.00 | |||||
| Central Library | Central Library | First floor | 04/10/2007 | Purchase | 8 | 72 | 658.3 DES | 000006144 | 15/07/2025 | 07/12/2017 | Book - Borrowing | ||||||||
| Lost | Central Library | Central Library | First floor | 04/10/2007 | Purchase | 3 | 658.3 DES | 000006145 | 19/11/2007 | Book - Borrowing | 26/11/2007 | ||||||||
| Central Library | Central Library | First floor | 23/04/2019 | Donation | 658.3 DES | 000043520 | 15/07/2025 | Book - Borrowing | Dewey Decimal Classification | unknown | |||||||||
| Central Library | Central Library | First floor | 13/06/2019 | Donation | 658.3 DES | 000044675 | 15/07/2025 | Book - Borrowing | Dewey Decimal Classification |